Globalisation or Gobble-Isation The Arab Experience (Record no. 521422)

000 -LEADER
fixed length control field 00274nam a22000977a 4500
082 ## - DEWEY DECIMAL CLASSIFICATION NUMBER
Classification number TNC T19 R812
100 ## - MAIN ENTRY--PERSONAL NAME
Personal name Roy, Ash Narain
9 (RLIN) 35226
245 ## - TITLE STATEMENT
Title Globalisation or Gobble-Isation The Arab Experience
Statement of responsibility, etc by Ash Narain Roy
260 ## - PUBLICATION, DISTRIBUTION, ETC. (IMPRINT)
Place of publication, distribution, etc New delhi
Name of publisher, distributor, etc Konark
Date of publication, distribution, etc 2003
300 ## - PHYSICAL DESCRIPTION
Extent 189p.
Holdings
Withdrawn status Lost status Source of classification or shelving scheme Damaged status Koha normalized classification for sorting Not for loan Permanent location Current location Date acquired Full call number Barcode Date last seen Price effective from Koha item type
        TNC_T19_R812   Indian Institute of Public Administration Indian Institute of Public Administration 2023-02-03 TNC T19 R812 GR23233 2023-02-03 2023-02-03 GR

Powered by Koha